Methyl tertiary-butyl ether / (Record no. 3454)
[ view plain ]
| 000 -LEADER | |
|---|---|
| fixed length control field | 02781cam a2200649 a 4500 |
| 003 - CONTROL NUMBER IDENTIFIER | |
| control field | OSt |
| 005 - DATE AND TIME OF LATEST TRANSACTION | |
| control field | 20211116061236.0 |
| 008 - FIXED-LENGTH DATA ELEMENTS--GENERAL INFORMATION | |
| fixed length control field | 211116b |
| 020 ## - INTERNATIONAL STANDARD BOOK NUMBER | |
| International Standard Book Number | 924157206 |
| 040 ## - CATALOGING SOURCE | |
| Transcribing agency | ALUPE UNIVERSITY COLLEGE |
| 050 ## - LIBRARY OF CONGRESS CALL NUMBER | |
| Classification number | RA1242.B86 |
| Item number | .G55 1988 |
| 100 1# - MAIN ENTRY--PERSONAL NAME | |
| Personal name | Gillner, M. |
| 245 10 - TITLE STATEMENT | |
| Title | Methyl tertiary-butyl ether / |
| Statement of responsibility, etc. | first draft prepared by M. Gillner, with contributions from A.-S. Nihlén. |
| 260 ## - PUBLICATION, DISTRIBUTION, ETC. | |
| Place of publication, distribution, etc. | Geneva : |
| Name of publisher, distributor, etc. | World Health Organization, |
| Date of publication, distribution, etc. | c1998. |
| 300 ## - PHYSICAL DESCRIPTION | |
| Extent | xix, 199 p. : |
| Other physical details | ill. ; |
| Dimensions | 21 cm. |
| 490 1# - SERIES STATEMENT | |
| Series statement | Environmental health criteria, |
| International Standard Serial Number | 0250-863X ; |
| Volume/sequential designation | 206 |
| 500 ## - GENERAL NOTE | |
| General note | "Published under the joint sponsorship of the United Nations Environment Programme, the International Labour Organisation, and the World Health Organization, and produced within the framework of the Inter-Organization Programme for the Sound Management of Chemicals." |
| 500 ## - GENERAL NOTE | |
| General note | "International Programme on Chemical Safety"--Cover. |
| 500 ## - GENERAL NOTE | |
| General note | "WHO Task Group on Environmental Health Criteria for Methyl Tertiary-Butyl Ether"--P. xv. |
| 504 ## - BIBLIOGRAPHY, ETC. NOTE | |
| Bibliography, etc. note | Includes bibliographical references (p. 163-179). |
| 546 ## - LANGUAGE NOTE | |
| Language note | Summary in French and Spanish. |
| 650 12 - SUBJECT ADDED ENTRY--TOPICAL TERM | |
| Topical term or geographic name entry element | Methyl Ethers |
| General subdivision | adverse effects. |
| 650 12 - SUBJECT ADDED ENTRY--TOPICAL TERM | |
| Topical term or geographic name entry element | Methyl Ethers |
| General subdivision | toxicity. |
| 650 22 - SUBJECT ADDED ENTRY--TOPICAL TERM | |
| Topical term or geographic name entry element | Environmental Exposure. |
| 650 22 - SUBJECT ADDED ENTRY--TOPICAL TERM | |
| Topical term or geographic name entry element | Environmental Health. |
| 650 22 - SUBJECT ADDED ENTRY--TOPICAL TERM | |
| Topical term or geographic name entry element | Methyl Ethers |
| General subdivision | pharmacokinetics. |
| 650 22 - SUBJECT ADDED ENTRY--TOPICAL TERM | |
| Topical term or geographic name entry element | Occupational Exposure. |
| 650 17 - SUBJECT ADDED ENTRY--TOPICAL TERM | |
| Topical term or geographic name entry element | Milieu. |
| Source of heading or term | gtt |
| 650 17 - SUBJECT ADDED ENTRY--TOPICAL TERM | |
| Topical term or geographic name entry element | Gezondheid. |
| Source of heading or term | gtt |
| 650 17 - SUBJECT ADDED ENTRY--TOPICAL TERM | |
| Topical term or geographic name entry element | Arbeidshygiëne. |
| Source of heading or term | gtt |
| 650 17 - SUBJECT ADDED ENTRY--TOPICAL TERM | |
| Topical term or geographic name entry element | Methyl tertiary butyl ether. |
| Source of heading or term | gtt |
| 650 17 - SUBJECT ADDED ENTRY--TOPICAL TERM | |
| Topical term or geographic name entry element | Gevaarlijke stoffen. |
| Source of heading or term | gtt |
| 650 17 - SUBJECT ADDED ENTRY--TOPICAL TERM | |
| Topical term or geographic name entry element | Fysische eigenschappen. |
| Source of heading or term | gtt |
| 650 17 - SUBJECT ADDED ENTRY--TOPICAL TERM | |
| Topical term or geographic name entry element | Biodegradatie. |
| Source of heading or term | gtt |
| 650 17 - SUBJECT ADDED ENTRY--TOPICAL TERM | |
| Topical term or geographic name entry element | Industriële productie. |
| Source of heading or term | gtt |
| 650 #6 - SUBJECT ADDED ENTRY--TOPICAL TERM | |
| Topical term or geographic name entry element | Butyl méthyl éther |
| General subdivision | Aspect de l'environnement. |
| 650 #6 - SUBJECT ADDED ENTRY--TOPICAL TERM | |
| Topical term or geographic name entry element | Butyl méthyl éther |
| General subdivision | Toxicologie. |
| 650 #6 - SUBJECT ADDED ENTRY--TOPICAL TERM | |
| Topical term or geographic name entry element | Butyl méthyl éther |
| General subdivision | Sécurité |
| -- | Mesures. |
| 650 #6 - SUBJECT ADDED ENTRY--TOPICAL TERM | |
| Topical term or geographic name entry element | Butyl méthyl éther |
| General subdivision | Effets physiologiques. |
| 650 #0 - SUBJECT ADDED ENTRY--TOPICAL TERM | |
| Topical term or geographic name entry element | Butyl methyl ether |
| General subdivision | Toxicology. |
| 650 #0 - SUBJECT ADDED ENTRY--TOPICAL TERM | |
| Topical term or geographic name entry element | Butyl methyl ether |
| General subdivision | Environmental aspects. |
| 650 #0 - SUBJECT ADDED ENTRY--TOPICAL TERM | |
| Topical term or geographic name entry element | Butyl methyl ether |
| General subdivision | Pharmacokinetics. |
| 650 #0 - SUBJECT ADDED ENTRY--TOPICAL TERM | |
| Topical term or geographic name entry element | Environmental health. |
| 650 07 - SUBJECT ADDED ENTRY--TOPICAL TERM | |
| Topical term or geographic name entry element | Butylmethylether (tertiär-) |
| Source of heading or term | swd |
| 650 07 - SUBJECT ADDED ENTRY--TOPICAL TERM | |
| Topical term or geographic name entry element | Umwelttoxikologie |
| Source of heading or term | swd |
| 650 07 - SUBJECT ADDED ENTRY--TOPICAL TERM | |
| Topical term or geographic name entry element | Toxikologie |
| Source of heading or term | swd |
| 700 1# - ADDED ENTRY--PERSONAL NAME | |
| Personal name | Nihlén, A.-S. |
| 710 2# - ADDED ENTRY--CORPORATE NAME | |
| Corporate name or jurisdiction name as entry element | WHO Task Group on Environmental Health Criteria for Methyl Tertiary-Butyl Ether. |
| 710 2# - ADDED ENTRY--CORPORATE NAME | |
| Corporate name or jurisdiction name as entry element | United Nations Environment Programme. |
| 710 2# - ADDED ENTRY--CORPORATE NAME | |
| Corporate name or jurisdiction name as entry element | International Labour Organisation. |
| 710 2# - ADDED ENTRY--CORPORATE NAME | |
| Corporate name or jurisdiction name as entry element | World Health Organization. |
| 710 2# - ADDED ENTRY--CORPORATE NAME | |
| Corporate name or jurisdiction name as entry element | Inter-Organization Programme for the Sound Management of Chemicals. |
| 710 2# - ADDED ENTRY--CORPORATE NAME | |
| Corporate name or jurisdiction name as entry element | International Program on Chemical Safety. |
| 830 #0 - SERIES ADDED ENTRY--UNIFORM TITLE | |
| Uniform title | Environmental health criteria ; |
| Volume/sequential designation | 206. |
| 930 #1 - EQUIVALENCE OR CROSS-REFERENCE-UNIFORM TITLE HEADING [LOCAL, CANADA] | |
| Medium | RA1242.B86 |
| 942 ## - ADDED ENTRY ELEMENTS (KOHA) | |
| Source of classification or shelving scheme | |
| Koha item type | Book |
| Withdrawn status | Lost status | Source of classification or shelving scheme | Damaged status | Not for loan | Permanent Location | Current Location | Shelving location | Date acquired | Source of acquisition | Total Checkouts | Full call number | Barcode | Date last seen | Price effective from | Koha item type | Public note |
|---|---|---|---|---|---|---|---|---|---|---|---|---|---|---|---|---|
| AU LIBRARY | AU LIBRARY | Open Shelf | 16.11.2021 | DONATION FROM MOI UNIVERSITY | RA1242 .G55 1988 | 28004610 | 16.11.2021 | 16.11.2021 | Book | CM |